The royal marriages (Record no. 7557)

MARC details
000 -LEADER
fixed length control field 00714nam a2200241 i 4500
001 - CONTROL NUMBER
control field C2-0067615
003 - CONTROL NUMBER IDENTIFIER
control field PPAK
005 - DATE AND TIME OF LATEST TRANSACTION
control field 20190630222121.0
008 - FIXED-LENGTH DATA ELEMENTS--GENERAL INFORMATION
fixed length control field 970310s1993 nyua|||| ||||| | eng d
020 ## - INTERNATIONAL STANDARD BOOK NUMBER
International Standard Book Number 0312093772
040 ## - CATALOGING SOURCE
Original cataloging agency PPAK
Language of cataloging eng
Transcribing agency PPAK
Description conventions rda
082 04 - DEWEY DECIMAL CLASSIFICATION NUMBER
Classification number 941.0850922
Edition number 23
090 00 - LOCALLY ASSIGNED LC-TYPE CALL NUMBER (OCLC); LOCAL CALL NUMBER (RLIN)
Classification number (OCLC) (R) ; Classification number, CALL (RLIN) (NR) 941.0850922
Feature heading CAM
Feature heading G
100 1# - MAIN ENTRY--PERSONAL NAME
Personal name Campbell, Colin,
Relator term author
245 14 - TITLE STATEMENT
Title The royal marriages
264 #1 - PRODUCTION, PUBLICATION, DISTRIBUTION, MANUFACTURE, AND COPYRIGHT NOTICE
Place of production, publication, distribution, manufacture New York :
Name of producer, publisher, distributor, manufacturer St. Martin's Press ,
Date of production, publication, distribution, manufacture, or copyright notice 1993
300 ## - PHYSICAL DESCRIPTION
Extent 250 pages :
Other physical details illustrations ;
Dimensions 24 cm
336 ## - CONTENT TYPE
Source rdacontent
Content type term text
337 ## - MEDIA TYPE
Source rdamedia
Media type term unmediated
338 ## - CARRIER TYPE
Source rdacarrier
Carrier type term volume
650 10 - SUBJECT ADDED ENTRY--TOPICAL TERM
Topical term or geographic name entry element Marriages of royalty and nobility - Great Britain - History - 20th century
942 ## - ADDED ENTRY ELEMENTS (KOHA)
-- dc
Koha item type Book
Holdings
Withdrawn Not for loan Current library Shelving location Date acquired Full call number Barcode Date last seen Koha item type Total Checkouts Total Renewals Date last checked out
    Perpustakaan Alor Setar Pinjaman Dewasa 26/07/1997 941.0850922 CAM A00038130 08/05/2018 Book      
    Perpustakaan Awam Sungai Petani Pinjaman Dewasa 12/02/2004 941.0850922 CAM A00418148 08/05/2018 Book      
    Perpustakaan Kulim Pinjaman Dewasa 18/12/2003 941.0850922 CAM A00336504 09/08/2025 Book 1 1 28/06/2025
    Perpustakaan Langkawi Pinjaman Dewasa 18/07/2005 941.0850922 CAM A00352703 08/05/2018 Book